Nalaganje...
വിജയപഥം
| Glavni avtor: | |
|---|---|
| Drugi avtorji: | |
| Format: | Printed Book |
| Izdano: |
Kozhikode
Mathrubhumi Books
2015
|
| Izdaja: | 2 |
| Teme: |
| LEADER | 00639nam a22002177a 4500 | ||
|---|---|---|---|
| 003 | OSt | ||
| 020 | |a 9788182663084 | ||
| 082 | |a 158.1 |b DEB/VI | ||
| 100 | |a Debashis Chatterjee | ||
| 245 | |a വിജയപഥം | ||
| 250 | |a 2 | ||
| 260 | |a Kozhikode |b Mathrubhumi Books |c 2015 | ||
| 300 | |a 166p. | ||
| 500 | |a Vijayapatham | ||
| 500 | |a Vijayapadham | ||
| 546 | |a Malayalam | ||
| 650 | |a Self-Help | ||
| 700 | |a Madhusudan, V, Tr. | ||
| 942 | |2 ddc |c BK | ||
| 999 | |c 157063 |d 157063 | ||
| 952 | |0 0 |1 0 |2 ddc |4 0 |6 158_100000000000000_DEBVI |7 0 |8 Gen |9 156422 |a KAUCLV |b KAUCLV |c GENERAL |d 2017-07-25 |g 125.00 |l 3 |o 158.1 DEB/VI |p 225496 |r 2019-06-19 |s 2019-05-30 |y BK | ||